| 000 | 00710nam a22002417a 4500 | ||
|---|---|---|---|
| 942 | _cBK | ||
| 999 |
_c468 _d468 |
||
| 005 | 20250420134811.0 | ||
| 008 | 200716b ||||| |||| 00| 0 eng d | ||
| 020 | _a9780750663199 | ||
| 040 | _cKCST | ||
| 082 |
_a658.5 _bBr St |
||
| 100 |
_aBrown, Steve _94613 |
||
| 245 |
_aStrategic operations management / _cSteve Brown, Richard Lamming, John Bessant, Peter Jones |
||
| 250 | _a2nd edition | ||
| 260 |
_aBurlington, MA: _bElsevier Butterworth-Heinmann _c2005 |
||
| 300 | _a420 p. | ||
| 650 |
_aProduction management. _91720 |
||
| 650 |
_aStrategic planning. _9722 |
||
| 700 |
_aLamming, Richard _94614 |
||
| 700 |
_aBessant, John _91402 |
||
| 700 |
_aJones, Peter _94615 |
||
| 942 | _2ddc | ||